| 000 | 01355nac a22002771u 4500 | ||
|---|---|---|---|
| 010 | _a98021049 | ||
| 020 | _a0073659452 | ||
| 020 | _a0071155120 (international ed.) | ||
| 020 | _a0073039195 (disk) | ||
| 082 | 0 | 0 |
_a658.15 _bR7331 |
| 090 |
_c4059 _d4059 |
||
| 100 | _aRoss, Stephen A. | ||
| 245 | 1 | 0 |
_aEssentials of corporate finance / _cStephen A. Ross, Randolph W. Westerfield, Bradford D. Jordan. |
| 246 | 1 | _aFinancial analysis spreadsheet templates (FAST) Excel--Student disk by KMT Software, Inc. to accompany Essentials of corporate finance, 2/e | |
| 250 | _a2nd ed., International ed. | ||
| 260 |
_aBoston : _bIrwin/McGraw-Hill, 1999 _cc1999. |
||
| 300 |
_axxxv, 540 p. : _bcol. ill. ; _c27 cm. + _e1 computer disk (3 1/2 in.). |
||
| 440 | 4 | _aThe Irwin/McGraw-Hill series in finance, insurance, and real estate | |
| 504 | _aIncludes bibliographical references and indexes. | ||
| 538 | _aSystems requirements for accompanying computer disk: IBM PC, or 100 % compatible computer, Microsoft Excel for Windows 5.0 or higher, version 2.0. | ||
| 650 | 0 |
_aCorporations _xFinance. |
|
| 700 | 1 | _aWesterfield, Randolph. | |
| 700 | 1 | _aJordan, Bradford D. | |
| 942 |
_cBB _k658.15R7331 |
||
| 999 |
_c4059 _d4059 |
||